Logo BPK

Biblioteka

Politechniki Koszalińskiej

Polacy o Leninie : (Rekord nr 8910)

Szczegóły MARC
000 -ETYKIETA REKORDU
podpole kontrolne o stałej długości 01471nam a2200421 i 4500
001 - NUMER KONTROLNY REKORDU
pole kontrolne 8910
003 - IDENTYFIKATOR NUMERU KONTROLNEGO REKORDU
podpole kontrolne KOSZ 005
005 - DATA OSTATNIEJ MODYFIKACJI REKORDU
podpole kontrolne 20240405062959.0
008 - POLE O STAŁEJ DŁUGOŚCI - DANE KONTROLNE
podpole kontrolne o stałej długości 070723s1970 pl a g 001 0 pol
015 ## - NUMER BIBLIOGRAFII NARODOWEJ
Numer bibliografii narodowej PB 1970/3243
040 ## - ŹRÓDŁO KATALOGOWANIA
Instytucja, która sporządziła opis WA N
Instytucja, która utworzyła rekord WA N
Instytucja, która dokonała modyfikacji KOSZ 005/RW
-- KOSZ 005/HR
041 0# - KOD JĘZYKA
Kod języka tekstu pol
Kod języka oryginału rus
046 ## - DATY KODOWANE
Pojedyncza data lub początek okresu powstania dzieła lub zbioru dzieł 1970
080 ## - UNIWERSALNA KLASYFIKACJA DZIESIĘTNA - UKD
UKD 335.5
080 ## - UNIWERSALNA KLASYFIKACJA DZIESIĘTNA - UKD
UKD 94(438).08
080 ## - UNIWERSALNA KLASYFIKACJA DZIESIĘTNA - UKD
UKD 929-51(438)"19"
245 00 - TYTUŁ/ODPOWIEDZIALNOŚĆ
Tytuł Polacy o Leninie :
Ciąg dalszy tytułu wspomnienia /
Pozostałe elementy strefy tytułu i oznaczenia odpowiedzialności oprac. Leonard Dubacki, Zbigniew Iwańczuk, Jan Sobczak ; red. J. Sobczak ; Zakład Historii Partii przy KC PZPR.
260 ## - STREFA ADRESU WYDAWNICZEGO
Miejsce wydania Warszawa :
Nazwa wydawcy/dystrybutora "Książka i Wiedza",
Data publikacji, dystrybucji/powstania dokumentu 1970.
300 ## - STREFA OPISU FIZYCZNEGO
Objętość XIV, [2], 531, [8] s. [24] k. tabl. :
Inne cechy fizyczne il. ;
Rozmiary 27 cm.
380 ## - FORMA I TYP PUBLIKACJI
Forma i typ publikacji Książki
388 ## - CZAS POWSTANIA
Czas powstania 1901-2000
388 ## - CZAS POWSTANIA
Czas powstania 1945-1989
504 ## - UWAGA DOTYCZĄCA BIBLIOGRAFII
Informacje o bibliografii Indeks.
546 ## - UWAGA O JĘZYKU
Uwaga o języku Tekst częśc. tł. z ros.
600 14 - HASŁO PRZEDMIOTOWE W FORMIE NAZWY OSOBOWEJ
Nazwa osobowa Lenin, Włodzimierz
Daty związane z nazwą (1870-1924)
648 #4 - HASŁO PRZEDMIOTOWE - TERMIN CHRONOLOGICZNY
Termin chronologiczny 1901-2000
651 #4 - HASŁO PRZEDMIOTOWE W FORMIE NAZWY GEOGRAFICZNEJ
Nazwa geograficzna Polska
651 #4 - HASŁO PRZEDMIOTOWE W FORMIE NAZWY GEOGRAFICZNEJ
Nazwa geograficzna ZSRR
655 #4 - TERMIN INDEKSOWY - OKREŚLENIE RODZAJU/FORMY DOKUMENTU
Określenie rodzaju/formy dokumentu Pamiętniki polskie
655 #4 - TERMIN INDEKSOWY - OKREŚLENIE RODZAJU/FORMY DOKUMENTU
Określenie rodzaju/formy dokumentu Antologia
658 ## - TERMIN INDEKSOWY - PRZEDMIOT PROGRAMU NAUCZANIA
Główny przedmiot programu nauczania Historia
700 1# - HASŁO DODATKOWE - NAZWA OSOBOWA
Nazwa osobowa Dubacki, Leonard.
Określenie związku między hasłem a opisywanym materiałem Opracowanie
700 1# - HASŁO DODATKOWE - NAZWA OSOBOWA
Nazwa osobowa Iwańczuk, Zbigniew
Daty związane z nazwą (?-2004).
Określenie związku między hasłem a opisywanym materiałem Opracowanie
700 1# - HASŁO DODATKOWE - NAZWA OSOBOWA
Nazwa osobowa Sobczak, Jan
Daty związane z nazwą (1932-2013).
Określenie związku między hasłem a opisywanym materiałem Redakcja
710 2# - HASŁO DODATKOWE - NAZWA CIAŁA ZBIOROWEGO
Nazwa ciała zbiorowego lub jednostki geograficznej Spółdzielnia Wydawniczo-Handlowa "Książka i Wiedza"
Kod określenia powiązania pbl.
856 ## - LOKALIZACJA I DOSTĘP DO ELEKTRONICZNYCH DOKUMENTÓW ZDALNYCH
Link (URL) http://koha.tu.koszalin.pl/cgi-bin/koha/opac-detail.pl?biblionumber=8910
Tekst linku Katalog online BPK
942 ## - DODATKOWE ELEMENTY (KOHA)
Schemat klasyfikacji Uniwersalna Klasyfikacja Dziesiętna
Typ dokumentu Książka
Egzemplarze
Wycofany Status egzemplarza Uszkodzony Dostępność Lokalizacja stała Lokalizacja bieżąca Miejsce przechowywania Sygnatura Kod kreskowy Typ dokumentu
      Dostępny Biblioteka Politechniki Koszalińskiej Biblioteka Politechniki Koszalińskiej Wypożyczalnia BG 8681 01773040 Książka
© 2023 Biblioteka Politechniki Koszalińskiej :: KOHA